Dechparáda 2, Až se budem brát

Korporativní autor: Květovanka (hudební skupina)
Další autoři: Babula, Václav, 1938-2008, Čížek, L., Sýkora, Vilda, 1903-1974, Uher-Jožulka, Josef, 1933-2024, Andrejs, A., Kubeš, Ladislav, 1924-1998, Maňas, Václav, 1942-, Pěnčík, Stanislav, 1939-2004, Fuka, Vladimír, 1920-1996, Chlumecký, Josef, Smišovský, Blahoslav, 1931-2011, Mistříňanka (hudební skupina), Veselka Ladislava Kubeše (hudební skupina)
Jazyk: Čeština
Vydáno: Křenovice : Aplaus, c2002
Témata:
Fyzický popis: 1 zvuková kazeta (41:24) : analog, Dolby systém + 1 leták (10 x 21 cm)
Vydáno také na kompaktní desce ; AA 0290-2331
Zvukové nahrávky
Uloženo v:
LEADER 02662njm a2200625 a 4500
001 000747718
003 CZ BrMZK
005 20041110133713.0
007 ss lsnjlcmpnze
008 040617s2002 xr muune cze
028 0 1 |a AA 0290-4331  |b Aplaus 
040 |a ABA001  |b cze  |d BOA001 
041 0 |d cze 
045 |a x-x- 
047 |a fm 
047 |a wz 
047 |a df 
047 |a zz 
048 |a of  |b vu 
080 |a 785.12  |2 MRF 
080 |a 784.4  |2 MRF 
080 |a 78.085.2  |2 MRF 
080 |a (086.7)  |2 MRF 
245 0 0 |a Dechparáda  |h [zvukový záznam].  |n 2,  |p Až se budem brát 
246 3 0 |a Až se budem brát 
260 |a Křenovice :  |b Aplaus,  |c c2002 
300 |a 1 zvuková kazeta (41:24) :  |b analog, Dolby systém +  |e 1 leták (10 x 21 cm) 
306 |a 004124 
500 |a Kompilace 
505 0 0 |t Ještě já se podívám --  |t Ta naše zem --  |t Má matinka říkávala --  |t Šli jsme do háječku --  |t Až se budem brát --  |t Tam na severu dalekém --  |t Děvčica z Moravy --  |t Ten střížovský kostelíček --  |t U naší kapličky --  |t Vy chlapci z Moravy --  |t Vrbenský potůček --  |t Mám já zahrádečku --  |t Římovský můstek --  |t Liché sliby --  |t Ej vy páni zemanové 
511 0 |a Účinkuje dechová hudba Mistříňanka, Veselka, Květovanka a další 
530 |a Vydáno také na kompaktní desce ;  |d AA 0290-2331 
550 |a Původní fonogramy Aplaus, Multisonic 
650 0 7 |a lidové písně, úpravy  |7 ph320413  |2 czenas 
650 0 4 |a polky (zpěv, dechová hudba) 
650 0 4 |a valčíky (zpěv, dechová hudba) 
650 0 7 |a dechová hudba  |7 ph119353  |2 czenas 
655 7 |a zvukové kazety  |7 fd186720  |2 czenas 
700 1 |a Babula, Václav,  |d 1938-2008  |7 jk01010509  |4 lyr 
700 1 |a Čížek, L.  |4 cmp 
700 1 |a Sýkora, Vilda,  |d 1903-1974  |7 jk01122217  |4 lyr 
700 1 |a Uher-Jožulka, Josef,  |d 1933-2024  |7 jn20040128022  |4 cmp  |4 lyr 
700 1 |a Andrejs, A.  |4 cmp  |4 lyr 
700 1 |a Kubeš, Ladislav,  |d 1924-1998  |7 jo2003183953  |4 cmp 
700 1 |a Maňas, Václav,  |d 1942-  |7 jn20030516001  |4 cmp 
700 1 |a Pěnčík, Stanislav,  |d 1939-2004  |7 jn20000810063  |4 lyr 
700 1 |a Fuka, Vladimír,  |d 1920-1996  |7 xx0007262  |4 cmp 
700 1 |a Chlumecký, Josef  |7 jx20080108023  |4 lyr 
700 1 |a Smišovský, Blahoslav,  |d 1931-2011  |7 ola200209211  |4 cmp 
710 2 |a Květovanka (hudební skupina)  |7 kn20010710236 
710 2 |a Mistříňanka (hudební skupina)  |7 ko2002149749 
710 2 |a Veselka Ladislava Kubeše (hudební skupina)  |7 ko2004233183 
910 |a BOA001  |b KZ-0011.842,2 
990 |a AV 
996 6 |b 261H013011  |c KZ-0011.842,2  |l MZK  |r Sklad / do 24 hodin  |n 0  |w 000747718  |u 000010  |a 1  |e BOA001  |j MZK50  |s P